Siblings and the Family Business Making It Work for Business, the Family, and the Future /

The family business becomes much more complex as it goes from the founder to next generations. As more family members work together several challenges become apparent and can threaten the business if not addressed. This book shows the family members how to confront the problems and how to create sol...

Πλήρης περιγραφή

Λεπτομέρειες βιβλιογραφικής εγγραφής
Κύριοι συγγραφείς: Pontet, Stephanie Brun de (Συγγραφέας), Aronoff, Craig E. (Συγγραφέας), Mendoza, Drew S. (Συγγραφέας), Ward, John L. (Συγγραφέας)
Συγγραφή απο Οργανισμό/Αρχή: SpringerLink (Online service)
Μορφή: Ηλεκτρονική πηγή Ηλ. βιβλίο
Γλώσσα:English
Έκδοση: New York : Palgrave Macmillan US : Imprint: Palgrave Macmillan, 2012.
Σειρά:Family Business Leadership Series
Θέματα:
Διαθέσιμο Online:Full Text via HEAL-Link
LEADER 02270nam a22005535i 4500
001 978-1-137-51188-1
003 DE-He213
005 20170703144518.0
007 cr nn 008mamaa
008 170703s2012 xxu| s |||| 0|eng d
020 |a 9781137511881  |9 978-1-137-51188-1 
024 7 |a 10.1007/978-1-137-51188-1  |2 doi 
040 |d GrThAP 
050 4 |a HD62.25 
072 7 |a KJVS  |2 bicssc 
072 7 |a BUS060000  |2 bisacsh 
082 0 4 |a 658.022  |2 23 
100 1 |a Pontet, Stephanie Brun de.  |e author. 
245 1 0 |a Siblings and the Family Business  |h [electronic resource] :  |b Making It Work for Business, the Family, and the Future /  |c by Stephanie Brun de Pontet, Craig E. Aronoff, Drew S. Mendoza, John L. Ward. 
264 1 |a New York :  |b Palgrave Macmillan US :  |b Imprint: Palgrave Macmillan,  |c 2012. 
300 |a VII, 106 p.  |b online resource. 
336 |a text  |b txt  |2 rdacontent 
337 |a computer  |b c  |2 rdamedia 
338 |a online resource  |b cr  |2 rdacarrier 
347 |a text file  |b PDF  |2 rda 
490 1 |a Family Business Leadership Series 
520 |a The family business becomes much more complex as it goes from the founder to next generations. As more family members work together several challenges become apparent and can threaten the business if not addressed. This book shows the family members how to confront the problems and how to create solutions. 
650 0 |a Business. 
650 0 |a Corporate governance. 
650 0 |a Public relations. 
650 0 |a Family-owned business enterprises. 
650 0 |a Management. 
650 0 |a Leadership. 
650 1 4 |a Business and Management. 
650 2 4 |a Family Business. 
650 2 4 |a Business Strategy/Leadership. 
650 2 4 |a Management. 
650 2 4 |a Corporate Governance. 
650 2 4 |a Corporate Communication/Public Relations. 
700 1 |a Aronoff, Craig E.  |e author. 
700 1 |a Mendoza, Drew S.  |e author. 
700 1 |a Ward, John L.  |e author. 
710 2 |a SpringerLink (Online service) 
773 0 |t Springer eBooks 
776 0 8 |i Printed edition:  |z 9780230342163 
830 0 |a Family Business Leadership Series 
856 4 0 |u http://dx.doi.org/10.1007/978-1-137-51188-1  |z Full Text via HEAL-Link 
912 |a ZDB-2-SBE 
950 |a Business and Economics (Springer-11643)